Cricket: No.1 Batsmen in Both Tests and ODIs - Statistics

General Stats
  • This quiz has been taken 41 times
  • The average score is 6 of 7
Answer Stats
Test Years ODI Years Country Answer % Correct
2018-2019 2017-2020 IND Virat Kohli
100%
1995/1999/2001 1993-1997 WI Brian Lara
93%
2003/2005-2006 2005/2007 AUS Ricky Ponting
93%
1994/1998/2000 1998/2003 IND Sachin Tendulkar
88%
2013-2014 2013-2016 SA AB de Villiers
85%
1976-1977/1980-1982/1986/1988 1982/1984-1987 WI Sir Viv Richards
83%
1989 1988 PAK Javed Miandad
58%
No matching quizzes found
Score Distribution
Percent of People with Each Score
Percentile by Number Answered
Your Score History
You have not taken this quiz